Statistics for All mario power ups

Click here to take the quiz!

General Stats

  • This quiz has been taken 21 times
  • The average score is 17 of 33

Answer Stats

GamePower Up% Correct
Super Mario BrosFire Flower
100%
Super Mario BrosMushroom
94%
Super Mario BrosStar
94%
New Super Mario Bros.Mega Mushroom
71%
Super Mario GalaxyIce Flower
65%
Super Mario WorldCape Feather
59%
Super Mario Bros 3Frog Suit
59%
New Super Mario Bros.Mini Mushroom
59%
New Super Mario Bros Wii.Penguin Suit
59%
Super Mario Bros 2 (japan)Poison Mushroom
59%
New Super Mario Bros Wii.Propeller Mushroom
59%
Super Mario 3D WorldSuper Bell
59%
Super Mario Bros 3Tanooki Suit
59%
New Super Mario Bros.Blue Shell
53%
New Super Mario Bros 2Gold Flower
53%
Super Mario 64Metal Cap
53%
Super Mario Galaxy 2Rock Mushroom
53%
Super Mario GalaxySpring Mushroom
53%
Super Mario Bros 3Super Leaf
53%
Super Mario GalaxyBee Mushroom
47%
Super Mario Land 2: 6 golden coinsCarrot
47%
Super Mario Galaxy 2Cloud Flower
47%
New Super Mario Bros USuper Acorn
47%
Super Mario 64Wing Cap
47%
Super Mario Bros 3Hammer Suit
41%
Super Mario GalaxyBoo Mushroom
35%
New Super Mario Bros U DeluxeCrown
35%
Super Mario GalaxyRed Star
29%
Super Mario LandSuperball Flower
29%
Super Mario 64Vanish Cap
29%
Super Mario 3D WorldLucky Bell
18%
Super Mario 64 DSPower Flower
18%
Super Mario WorldPower Balloon
12%

Score Distribution

Percentile by Number Answered

Percent of People with Each Score

Your Score History

You have not taken this quiz